000 00479nam a2200193Ia 4500
003 OSt
005 20230510094422.0
008 210423s1982 xx 000 0 und d
040 _cAL
041 _aeng
082 _a301
_223
_bSHAP
100 _aSHARMA (Ram Nath).
_9101857
245 _aPrinciples of sociology.
260 _aBombay
_bMedia Promoters Publishers
_c1982
300 _av,26
_bPB
365 _b75
_cINR
906 _aPrinciples ; sociology.
942 _2ddc
_cBK
999 _c171738
_d171738